| 000 | 00544nam a2200181 i 4500 | ||
|---|---|---|---|
| 001 | bg | ||
| 100 | 1 | _aKOFMAN, Jan | |
| 245 | 0 |
_aNacjonalizm gospodarczy-szansa czy bariera rozwoju : _bprzypadek Europy Środkowo-Wschodniej w okresie międzywojennym / _cJan Kofman. |
|
| 260 |
_aWarszawa : _bWydaw. Naukowe PWN, _c1992. |
||
| 300 |
_a318, [1] s. ; _c21 cm. |
||
| 020 | _a8301104562 | ||
| 040 | _cBPK | ||
| 041 | _apol | ||
| 080 | _a339.98(4)"1918/1939" | ||
| 920 | _a83-01-10456-2 | ||
| 942 | _cKS | ||
| 008 | s pl f |000 0 pol | ||
| 999 |
_c5625 _d5625 |
||
| 856 |
_uhttp://koha.tu.koszalin.pl/cgi-bin/koha/opac-detail.pl?biblionumber=5625 _yKatalog online BPK |
||